|
|
|
|
| LEADER |
00000 a a2200000 04500 |
| 001 |
27274 |
| 003 |
cru CIDCACS/IIS |
| 005 |
20171103160333.0 |
| 007 |
ta |
| 008 |
171103t1997 ke ||||| |||| 00| 0 spa d |
| 999 |
|
|
|c 40551
|d 40551
|
| 020 |
|
|
|a 9280716387
|
| 040 |
|
|
|c cru CIDCACS/IIS
|
| 090 |
|
|
|a 16.04.01 P964p
|
| 110 |
|
|
|a Programa para las Naciones Unidas para el Medio Ambiente
|
| 245 |
1 |
|
|a Perspectivas del medio ambiente mundial:
|b panorama mundial/
|c Programa para las Naciones Unidas para el Medio Ambiente
|
| 246 |
|
|
|a La perspectivas del medio ambiente mundial (GEO-1)
|
| 260 |
|
|
|a Nairobi, Kenya:
|b PNUMA,
|c 1997
|
| 300 |
|
|
|a 17 páginas:
|b tablas, gráficos, mapas
|
| 942 |
|
|
|2 ddc
|c LI
|